| 000 | 00459nam a22001817a 4500 | ||
|---|---|---|---|
| 003 | CEME | ||
| 005 | 20210628204051.0 | ||
| 008 | 210104b xxu||||| |||| 00| 0 eng d | ||
| 020 | _a969351565X | ||
| 040 | _c. | ||
| 082 | _a297.4 AHM | ||
| 100 |
_aAhmed Rafiq Akhtar, Prof _968555 |
||
| 245 | _aMajmuah-e- professor ahmed rafiq akhtar | ||
| 260 |
_aLAHORE _bSANG-E-MEEL PUB _c2008 |
||
| 300 | _a600P | ||
| 650 |
_aISLAM-SUFISM. _968199 |
||
| 942 |
_cBK _2ddc |
||
| 999 |
_c576101 _d576101 |
||